Biggest Cities in Azerbaijan A-Z - Statistics

General Stats
  • This quiz has been taken 2 times
  • The average score is 3 of 26
Answer Stats
Letter Population City % Correct
B 2,682,694 Baku
100%
G 422,790 Ganja
100%
W N/A N/A
50%
S 550,812 Sumqayit
50%
A 57,190 Astara
0%
C 7,780 Çaylı
0%
D 11,770 Daş Salahlı
0%
E 17,400 Ərkivan
0%
F 2,388 Fatmayı
0%
H 115,306 Hövsan
0%
I 44,100 Ismailli
0%
J 61,022 Jelilabad
0%
K 133,590 Khyrdalan
0%
L 183,994 Lankaran
0%
M 142,487 Mingachevir
0%
N 117,385 Nakchivan
0%
O 12,780 Ordubad
0%
P 26,335 Pirallahi
0%
Q 46,204 Qazax
0%
R 4,990 Rəncbər
0%
T 26,390 Tovuz
0%
U 21,700 Ujar
0%
V 10,005 Vandam
0%
X 7,442 Xaçmaz
0%
Y 82,807 Yevlax
0%
Z 47,664 Zaqatala
0%
No matching quizzes found
Score Distribution
Percent of People with Each Score
Percentile by Number Answered
Your Score History
You have not taken this quiz